Chiến lược nâng cấp chuỗi giá trị ngành hàng ca cao ở tỉnh Bến Tre : Luận án Tiến sĩ. Chuyên chuyên ngành Kinh tế nông nghiệp

Đề tài được thực hiện nhằm phân tích hiệu quả sản xuất ca cao và phân tích hiệu quả sản xuất ca cao và phân tích chuỗi giá trị ngành hàng từ đó đề xuất các chiến lược nâng cấp chuỗi nhằm tăng thu nhập cho các tác nhân tham gia chuỗi....

Description complète

Enregistré dans:
Détails bibliographiques
Auteur principal: Nguyễn, Hữu Tâm
Format: Livre
Langue:Undetermined
Publié: Cần Thơ Trường Đại học Cần Thơ 2016
Sujets:
Tags: Ajouter un tag
Pas de tags, Soyez le premier à ajouter un tag!
Thư viện lưu trữ: Trung tâm Học liệu Trường Đại học Cần Thơ
LEADER 01249nam a2200229Ia 4500
001 CTU_221632
008 210402s9999 xx 000 0 und d
082 |a 338.5 
082 |b T120 
088 |a 62620115 
100 |a Nguyễn, Hữu Tâm 
245 0 |a Chiến lược nâng cấp chuỗi giá trị ngành hàng ca cao ở tỉnh Bến Tre : 
245 0 |b Luận án Tiến sĩ. Chuyên chuyên ngành Kinh tế nông nghiệp 
245 0 |c Nguyễn Hữu Tâm ; Lưu Thanh Đức Hải (Cán bộ hướng dẫn) 
260 |a Cần Thơ 
260 |b Trường Đại học Cần Thơ 
260 |c 2016 
520 |a Đề tài được thực hiện nhằm phân tích hiệu quả sản xuất ca cao và phân tích hiệu quả sản xuất ca cao và phân tích chuỗi giá trị ngành hàng từ đó đề xuất các chiến lược nâng cấp chuỗi nhằm tăng thu nhập cho các tác nhân tham gia chuỗi. 
650 |a Kinh tế sản xuất,Production economics 
650 |x Quản lý,Management 
904 |i nghị,Hải 
980 |a Trung tâm Học liệu Trường Đại học Cần Thơ